[Event "Istanbul Open 2017"]
[Site "Istanbul"]
[Date "2017.09.11"]
[Round "7"]
[White "Mohannad, Farhan"]
[Black "Buker, Muhittin"]
[Result "1-0"]
[WhiteElo "2264"]
[BlackElo "1969"]
[Annotator "TA"]
[PlyCount "123"]
[EventDate "2017.??.??"]
[EventType "swiss"]
[EventCountry "TUR"]
[SourceTitle "playchess.com"]
[Source "ChessBase"]
[SourceQuality "1"]

{[%evp 12,123,-12,-23,-9,-27,-8,-12,17,2,12,0,0,0,0,-5,4,-18,-2,-2,-2,-2,-10,-5,14,16,5,12,12,0,10,16,18,11,14,14,55,48,116,66,70,54,92,76,77,77,83,62,125,113,125,100,125,128,111,109,112,107,407,411,908,314,325,304,325,313,317,304,380,363,593,443,402,432,420,425,362,354,684,674,727,727,510,727,727,727,727,727,689,636,1495,1931,1637,1289,1075,981,29974,29974,29974,29975,29975,29977,29976,29977,29980,29981,29981,29981,29983,29976,29976,29977,29977,29978]} 1. g3 g6 2. Bg2 Bg7 3. Nf3 Nf6 4. O-O O-O 5. d3 d5 6. c3 Nbd7 7. Nbd2 e5 {A07: Réti Opening: New York and Capablanca Systems} 8. e4 dxe4 9. dxe4 b6 {The position is equal.} 10. Re1 (10. Qc2 Bb7 11. Re1 Qe7 12. Nc4 Rfd8 13. b3 {½-½ (13) Savic,M (2512)-Popovic,D (2553) Valjevo 2011}) 10... Qe7 11. Qc2 Ba6 12. Bf1 Bxf1 $146 ({Predecessor:} 12... Bb7 13. b3 Nh5 14. Bg2 Bh6 15. a4 Bxd2 16. Nxd2 {1-0 (27) Kempter,R-Von Gleich,A (2315) Krumbach 1991}) 13. Nxf1 Rfd8 14. h3 Nc5 15. Bg5 h6 16. Bxf6 $1 Qxf6 17. Kg2 Rd3 18. Re3 Rd7 19. b4 $36 {[%mdl 2048] White has the initiative.} Ne6 20. Rd1 Rxd1 21. Qxd1 a5 22. a3 {[%cal Ba2a3,Ba3b4,Bb4b5][%mdl 32]} axb4 23. axb4 c5 24. b5 $1 Ra5 (24... Qe7 $14) 25. Qd7 Qd8 26. Qc6 Nc7 27. Qxb6 Rxb5 28. Qc6 Ra5 29. N1d2 Ne6 (29... h5 $14) 30. Nc4 $16 Ra1 31. Qd5 Qb8 32. Ncxe5 Bxe5 33. Qxe5 Qb2 34. Qf6 {Threatens to win with Ne5.} Rd1 $2 {[%mdl 8192] [#]} (34... Qb7 $16) 35. Ne5 $1 $18 Nd8 {[#]} (35... Qb7 $142 36. Nxg6 fxg6) 36. Rd3 $2 (36. Nxg6 $1 {[%mdl 512]} fxg6 37. Qxg6+ Kf8 38. Qxh6+ Ke7 39. Qg5+ Kd7 40. Qg4+ Kc7 41. Qxd1) 36... Rxd3 37. Nxd3 Qb8 38. Nxc5 Qc7 39. Qd4 Nc6 40. Qd7 Qb6 $2 (40... Qxd7 41. Nxd7 Kg7) 41. Qe8+ Kg7 42. Nd7 {Qf8+ would kill now.} Qd8 43. Qxd8 Nxd8 {[%mdl 4096] Endgame KN-KN} 44. e5 {[%cal Be4e5,Be5f6][%mdl 32]} g5 $2 (44... f5 45. Nc5 Nc6) 45. Kf3 f5 46. exf6+ Kf7 47. Ke4 Ke6 48. Ne5 Kxf6 49. Kd5 h5 50. c4 {[%cal Bc3c4,Bc4c5,Bc5c6,Bc6c7][%mdl 32]} h4 51. c5 hxg3 52. fxg3 Ne6 53. Ng4+ Kf5 54. Ne3+ {White mates.} Kf6 55. c6 Ke7 56. Nf5+ Kf6 57. Nd4 Nc7+ 58. Kd6 Na8 59. c7 Nb6 60. Kc6 Nc8 61. Kd7 Nb6+ 62. Kd8 {Precision: White = 85%, Black = 32%.} 1-0

[Event "Istanbul Open 2017"]
[Site "Istanbul"]
[Date "2017.09.11"]
[Round "7"]
[White "Erdogan, Anil Berk"]
[Black "Sahin, Handenur"]
[Result "1-0"]
[WhiteElo "2106"]
[BlackElo "1962"]
[Annotator "TA"]
[PlyCount "85"]
[EventDate "2017.??.??"]
[EventType "swiss"]
[EventCountry "TUR"]
[SourceTitle "playchess.com"]
[Source "ChessBase"]
[SourceQuality "1"]

1. e4 {Program Activation Required} e5 2. Nf3 Nc6 3. d4 exd4 4. Nxd4 Nf6 5. Nc3 Bb4 6. Nxc6 bxc6 7. Bd3 d6 8. Bg5 h6 {C47: Schottisches Vierspringerspiel} 9. Bh4 Qe7 10. O-O Be6 $146 ({Vorgänger:} 10... g5 11. Bg3 Ng4 12. h3 Ne5 13. Be2 Ba5 14. Nd5 Qd8 15. Bxe5 dxe5 16. Ne3 {½-½ (82) Adams,M (2754)-McShane,L (2684) London 2013}) 11. Kh1 g5 12. Bg3 h5 13. e5 Ng4 14. exd6 cxd6 15. Qf3 Rc8 16. Bf5 Rh6 17. Rae1 Rf6 18. Bxe6 fxe6 19. Qe2 Kd7 20. Rd1 e5 21. Ne4 Kc7 22. f3 Nh6 23. a3 h4 24. Bf2 Ba5 25. Qa6 Bb6 26. Bxb6+ axb6 27. Qa7+ Kd8 28. Qxe7+ Kxe7 29. Nxf6 Kxf6 30. Rxd6+ Kg7 31. Rfd1 Nf7 32. Re6 Rc7 33. Kg1 Kf8 34. Kf2 b5 35. Ke3 c5 36. Rb6 b4 37. axb4 cxb4 38. Rxb4 Rxc2 39. Rd7 Ke8 40. Ra7 Nd8 41. Rb8 Rc4 42. Raa8 Rd4 43. Rxd8+ 1-0

[Event "Istanbul Open 2017"]
[Site "Istanbul"]
[Date "2017.09.11"]
[Round "7"]
[White "Soyunlu, Narmin"]
[Black "Citak, Selim"]
[Result "0-1"]
[WhiteElo "2059"]
[BlackElo "2318"]
[Annotator "TA"]
[PlyCount "124"]
[EventDate "2017.??.??"]
[EventType "swiss"]
[EventCountry "TUR"]
[SourceTitle "playchess.com"]
[Source "ChessBase"]
[SourceQuality "1"]

1. c4 {Program Activation Required} Nc6 2. g3 d5 3. Bg2 d4 4. d3 e5 5. Nf3 Nf6 6. O-O Be7 7. e3 {A09: Reti-Eröffnung} (7. b4 Nxb4 8. Nxe5 O-O 9. a3 Na6 10. Nf3 c5 11. e4 dxe3 12. fxe3 Nb8 13. Nc3 Nc6 14. Bb2 Bg4 15. Qc2 Qd7 {½-½ (78) Morozevich,A (2748)-Karjakin,S (2775) Beijing 2012}) 7... O-O 8. exd4 exd4 9. a3 a5 10. Bg5 Bf5 11. Qc2 h6 12. Bxf6 Bxf6 13. Nbd2 Re8 14. Rab1 $146 ({Vorgänger:} 14. Rfe1 Qd7 15. Rxe8+ Rxe8 {0-1 (50) Brajdic,D (2146)-Kalajzic,I (2197) Zagreb 2013}) 14... a4 15. b4 axb3 16. Rxb3 Ra7 17. Rb5 Be6 18. Ra1 Be7 19. Qb3 b6 20. Ne5 Nxe5 21. Rxe5 Qd6 22. Nf3 Rd8 23. Re4 Bf6 24. Nd2 Ra5 25. Ree1 Be7 26. a4 Qb4 27. Ra2 Kf8 28. Bc6 Qd6 29. Bg2 Qd7 30. Re2 Rb8 31. Qc2 Bb4 32. Nf3 Qd6 33. Qb1 Bc3 34. Qc2 Re8 35. Qd1 Bd7 36. Rxe8+ Bxe8 37. Nd2 Bxd2 38. Qxd2 Rxa4 39. Rxa4 Bxa4 40. Qb2 Qc5 41. Be4 Bd7 42. Kg2 Bc6 43. Qe2 Qe7 44. Qc2 Bxe4+ 45. dxe4 Qb4 46. e5 Ke7 47. Qh7 g6 48. Qxh6 Qxc4 49. Qh4+ Kd7 50. Qg4+ Kc6 51. Qf4 Kc5 52. Kf3 b5 53. h4 b4 54. Qg5 Qd5+ 55. Ke2 b3 56. Qe7+ Kb6 57. Kd2 Qc4 58. Qd8 Qc3+ 59. Ke2 Qc2+ 60. Kf3 Qd3+ 61. Kg2 Qe4+ 62. Kg1 b2 0-1

[Event "Istanbul Open 2017"]
[Site "Istanbul"]
[Date "2017.09.11"]
[Round "7"]
[White "Kitir, Ahmet"]
[Black "Markidis, Konstantinos"]
[Result "0-1"]
[WhiteElo "2057"]
[BlackElo "2350"]
[Annotator "TA"]
[PlyCount "66"]
[EventDate "2017.??.??"]
[EventType "swiss"]
[EventCountry "TUR"]
[SourceTitle "playchess.com"]
[Source "ChessBase"]
[SourceQuality "1"]

1. e4 {Program Activation Required} e6 2. d4 d5 3. Nd2 Be7 4. Ngf3 Nf6 5. e5 Nfd7 6. Bd3 c5 7. c3 Nc6 8. O-O a5 9. Re1 cxd4 10. cxd4 Qb6 11. Nf1 {C06: Französische Verteidigung (Tarrasch-Variante)} (11. a4 Nxd4 12. Nxd4 Qxd4 13. Nf3 Qb6 14. Be3 Nc5 15. Bb5+ Bd7 16. Nd4 Bxb5 17. Nxb5 O-O 18. Qg4 Rfc8 {0-1 (33) Naroditsky,D (2631)-So,W (2779) ICC INT 2015}) 11... Nxd4 12. Nxd4 Qxd4 13. Ng3 Bc5 14. Be3 $146 ({Vorgänger:} 14. Qc2 b6 15. a3 Qh4 16. Bd2 O-O 17. b4 axb4 18. axb4 Rxa1 19. Rxa1 Bxf2+ {0-1 (19) Lundin,J (2300)-Farago,I (2531) Deizisau 2007}) 14... Qh4 15. Nh5 Bxe3 16. Nxg7+ Kf8 17. Nxe6+ fxe6 18. Rxe3 Rg8 19. Qc1 Rg7 20. Qc7 Kg8 21. g3 Qe7 22. Rc1 Nf8 23. Qb6 Qe8 24. f4 Bd7 25. Qxb7 Rb8 26. Qa6 Rxb2 27. f5 Qh5 28. Be2 Qg5 29. Rec3 Qd2 30. f6 Rf7 31. Kf1 Qd4 32. Qd6 Bb5 33. R3c2 Rxc2 0-1

[Event "Istanbul Open 2017"]
[Site "Istanbul"]
[Date "2017.09.11"]
[Round "7"]
[White "Zeydan, Salih"]
[Black "Kirali, Mehmet"]
[Result "1-0"]
[WhiteElo "2057"]
[BlackElo "1909"]
[Annotator "NA RC"]
[PlyCount "54"]
[EventDate "2017.??.??"]
[EventType "swiss"]
[EventCountry "TUR"]
[SourceTitle "playchess.com"]
[Source "ChessBase"]
[SourceQuality "1"]
[TimeControl "5400+30"]

{[%evp 8,53,81,11,26,7,19,0,8,13,21,-62,-68,-58,21,0,36,32,32,22,31,30,59,58,97,74,70,34,154,137,218,239,224,231,247,237,309,343,565,600,593,647,858,924,916,841,2139,29983]} 1. e4 {[%emt 0:00:30]} c6 {[%emt 0:05:00]} 2. Nc3 {[%emt 0:08:30]} d5 {[%emt 0:00:00]} 3. Nf3 {[%emt 0:00:30]} d4 {[%emt 0:00:00]} 4. Ne2 {[%emt 0:00:30]} c5 {[%emt 0:00:30]} 5. Ng3 {[%emt 0:00:30]} (5. c3 $14) 5... Nc6 {[%emt 0:01:30] LiveBook: 3 Partien B11: Caro-Kann: Two Knights Variation} 6. Bc4 {[%emt 0:11:30]} e6 {[%emt 0:00:30]} 7. c3 $146 {[%emt 0:00:30]} ({Predecessor:} 7. a3 Nf6 8. d3 Bd6 9. Qe2 Qc7 10. O-O O-O 11. Bd2 b6 12. b4 Nd7 13. Rab1 {½-½ (27) Priyadharshan,K (2462)-Menna Barreto,F (2275) Saint Louis 2015}) 7... Nge7 {[%emt 0:02:30]} 8. O-O {[%emt 0:05:30]} a6 {[%emt 0:00:30]} 9. a3 {[%emt 0:03:30]} (9. d3 $11) 9... b5 {[%emt 0:07:30]} 10. Ba2 {[%emt 0:00:30]} Ng6 {[%emt 0:07:30]} ({Black should play} 10... d3 $15) 11. d3 {[%emt 0:02:30]} Be7 {[%emt 0:00:30]} 12. cxd4 {[%emt 0:00:30]} Nxd4 {[%emt 0:06:30]} 13. Nxd4 {[%emt 0:02:30]} Qxd4 {[%emt 0:02:30]} 14. Qe2 {[%emt 0:01:30]} Bb7 {[%emt 0:01:30]} 15. Be3 {[%emt 0:02:30]} Qd7 {[%emt 0:00:30]} 16. f4 {[%emt 0:01:30]} O-O {[%emt 0:00:30]} 17. Rad1 {[%emt 0:02:30]} (17. f5 $16) 17... Rae8 {[%emt 0:13:30]} (17... Nh4 $14) 18. f5 {[%emt 0:03:30]} exf5 {[%emt 0:06:30]} (18... Ne5 $16 {keeps fighting.}) 19. Nxf5 {[%emt 0:09:30]} c4 {[%emt 0:05:30]} 20. dxc4 {[%emt 0:04:30]} Qe6 {[%emt 0:06:30]} 21. Nxe7+ {[%emt 0:04:30]} Nxe7 {[%emt 0:01:30]} (21... Qxe7 $142 22. cxb5 Qxe4) 22. Bc5 {[%emt 0:01:30]} Rc8 {[%emt 0:04:30]} (22... b4 $142 23. axb4 Rd8) 23. b4 {[%emt 0:02:30]} Rxc5 {[%emt 0:00:30]} 24. bxc5 {[%emt 0:00:30]} Qc6 {[%emt 0:03:30]} 25. cxb5 {[%emt 0:01:30]} Qxc5+ {[%emt 0:01:30]} 26. Kh1 {[%emt 0:00:30]} axb5 {[%emt 0:03:27] [#]} 27. Rxf7 {[%emt 0:00:30]} Rxf7 {[%emt 0:01:00]} 1-0

[Event "Istanbul Open 2017"]
[Site "Istanbul"]
[Date "2017.09.11"]
[Round "7"]
[White "Makaraci, Tunahan"]
[Black "Karaokcu, Erkin"]
[Result "0-1"]
[WhiteElo "1940"]
[BlackElo "2206"]
[Annotator "TA"]
[PlyCount "118"]
[EventDate "2017.??.??"]
[EventType "swiss"]
[EventCountry "TUR"]
[SourceTitle "playchess.com"]
[Source "ChessBase"]
[SourceQuality "1"]

{[%evp 15,118,4,15,-5,-2,0,10,-65,-55,-57,-34,-72,-69,-55,-85,-81,-64,-186,-119,-126,-129,-119,-117,-106,-119,-119,-118,-105,-107,-217,-217,-216,-212,-195,-108,-481,-477,-512,-498,-495,-498,-512,-508,-495,-504,-476,-421,-468,-452,-562,-460,-485,-363,-442,-423,-459,-419,-438,-358,-454,-300,-335,-292,-270,-278,-349,-366,-360,-303,-386,-121,-410,-398,-390,-381,-357,-314,-366,0,-361,-331,-378,-308,-554,-560,-783,-739,-906,-913,-1324,-1272,-2101,-2052,-1552,-1252,-1932,-1853,-2551,-1751,-29982,-29983,-29983,-29984,-29987,-29988]} 1. e4 g6 2. d4 Bg7 3. Nc3 d6 4. Be3 a6 5. a4 Nf6 {[%cal Bg8f6,Bf6g4,Bg4e3][%mdl 32]} 6. Be2 {B06: Modern Defence} (6. Nf3 O-O 7. Qd2 Nbd7 8. h3 e5 9. dxe5 dxe5 10. Bc4 b6 11. O-O Bb7 12. Rfd1 Qe7 13. Nd5 Nxd5 14. Bxd5 Bxd5 15. Qxd5 {1-0 (33) Harikrishna,P (2763)-Mamedyarov,S (2748) Shamkir 2016}) 6... O-O 7. f4 Nc6 8. e5 dxe5 {LiveBook: 3 Games} 9. dxe5 Qxd1+ 10. Rxd1 Ng4 11. Nd5 $146 (11. Bc5 $11) ({Find the theoretical novelty and annotate with similar games:} 11. Bxg4 Bxg4 12. Nge2 f6 {½-½ (12) Suetin,A (2400)-Ljuboschitz,A (2210) Grieskirchen 1998}) 11... Nxe3 $15 12. Nxe3 f6 13. Bc4+ Kh8 14. exf6 Bxf6 15. c3 e5 16. fxe5 ({White should play} 16. Nd5 $1 $15) 16... Bh4+ ({Don't play} 16... Bxe5 17. Nf3 $17) (16... Nxe5 $19 17. Be2 Bd7) 17. g3 $17 Bg5 18. Nd5 Bg4 19. Be2 Nxe5 20. h4 {[#]} Bh6 $1 $36 {[%mdl 2048] Keeping White busy.} 21. Nxc7 Rac8 22. Bxg4 (22. Nd5 $17 {is the only way for White.}) 22... Nxg4 $19 23. Rd7 Rf5 {Hoping for ...Ne5.} 24. h5 gxh5 (24... Nf6 $19 25. Rf7 Kg8 26. hxg6 hxg6 27. Rxf6 Rxf6) 25. Rh4 $2 {[%mdl 8192]} (25. Ne2 $17 {was the crucial defense.}) 25... Ne5 26. Re7 Ng6 27. Rhe4 {intending Re8+.} Nxe7 28. Rxe7 Rc5 29. Ne8 Bf8 30. Re4 Rc4 31. Re5 Rxa4 {[#] Strongly threatening ...Ra1+.} 32. Nf3 Rg4 33. Kf2 Rc5 34. Re6 Rf5 35. Kg2 Rg6 36. Re4 {White hopes to continue with Nh4.} Rb5 37. Ne5 Rxb2+ 38. Kh3 Rbb6 39. Nxg6+ hxg6 {[%mdl 4096] Endgame KRB-KRN} 40. Rf4 Bg7 41. c4 Kg8 42. Re4 Kf7 $2 (42... Bf8 $19 {is more deadly. ...Rc6 is the strong threat.} 43. Rf4 Be7) 43. Nc7 $2 {[%mdl 8192]} (43. c5 $17 {was the only chance.} Re6 44. Nd6+ (44. Rxe6 $2 Kxe6 45. Nd6 b5 $19) 44... Kf6 45. Rb4) 43... Rc6 44. Nd5 {Now Re7+ and White clings on.} Bf6 45. Rf4 Kg7 46. Re4 Kf7 47. Rf4 a5 48. c5 Kg7 49. Rc4 $2 (49. Rf3 {is a better defense.}) 49... b5 {[%cal Bb7b5,Bb5b4,Bb4b3][%mdl 32]} 50. Rf4 b4 51. Rf3 Bd4 52. Nf4 Bxc5 53. Rd3 a4 54. Rd7+ Kf8 55. Nd3 b3 56. Ne5 Re6 57. Nd3 Rd6 {Black mates.} 58. Nxc5 Rxd7 59. Nxd7+ Kg7 {Precision: White = 30%, Black = 71%.} 0-1

[Event "Istanbul Open 2017"]
[Site "Istanbul"]
[Date "2017.09.11"]
[Round "7"]
[White "Ozsakallioglu, Okan"]
[Black "Grigoriev, Armen"]
[Result "0-1"]
[WhiteElo "1926"]
[BlackElo "2143"]
[Annotator "TA"]
[PlyCount "75"]
[EventDate "2017.??.??"]
[EventType "swiss"]
[EventCountry "TUR"]
[SourceTitle "playchess.com"]
[Source "ChessBase"]
[SourceQuality "1"]

{[%evp 11,75,70,72,72,107,103,124,35,79,43,83,78,93,69,78,72,68,68,73,87,77,101,119,100,118,109,110,107,254,263,607,585,778,451,478,468,446,464,466,467,533,332,335,331,346,324,491,299,297,240,239,248,262,235,248,60,59,-547,-558,-542,-544,-542,-548,-640,-582,-546]} 1. e4 c6 2. d4 d5 3. Nd2 g6 4. Ngf3 Bg7 5. c3 Nh6 6. Bd3 f6 {LiveBook: 10 Games. B12: Caro-Kann: Advance Variation} 7. h4 {[%cal Bh2h4,Bh4h5][%mdl 32]} Nf7 $146 ({Predecessor:} 7... O-O 8. h5 g5 9. Qc2 g4 10. Nh4 dxe4 11. Nxe4 f5 12. Nc5 b6 13. Bc4+ e6 {0-1 (41) Asis Gargatagli,H (2492)-Alonso Rosell,A (2540) Mollet del Valles 2016}) 8. h5 g5 {White is better.} 9. e5 (9. Qc2 $1 $16) 9... h6 {[%cal Rf6e5]} 10. Qe2 (10. exf6 {feels hotter.} exf6 11. O-O O-O 12. Qc2 Nd6 13. b3) 10... fxe5 11. Nxe5 (11. dxe5 Bg4 $11) 11... Nxe5 12. dxe5 Qc7 13. Bg6+ Kd8 14. f4 $1 $36 {[%mdl 2048] White is more active.} gxf4 15. Nf3 Bg4 16. Bxf4 Nd7 17. O-O $1 Bxf3 18. Rxf3 ({But not} 18. Qxf3 $6 Bxe5 19. Bxe5 Qxe5 $14) 18... Bxe5 {[#]} 19. Re1 $1 Qb6+ (19... Bxf4 $16 20. Qxe7+ Kc8 21. Qe8+ Qd8 22. Qxd8+ Kxd8 23. Rxf4 Kc7) 20. Kh1 $18 Bf6 $2 (20... Bxf4 21. Qxe7+ (21. Rxf4 Kc7 $16) 21... Kc7 22. Rxf4 Rad8) 21. Bf5 c5 22. Qd3 Qc6 23. Re6 c4 24. Qd2 ({Not} 24. Rxc6 cxd3 25. Rc7 Nb6 $18) 24... Qc5 25. Be3 Qb5 26. Bd4 Bg5 27. Qe2 Re8 28. Be3 Bf6 (28... d4 {might work better.}) 29. Bxh6 Rh8 30. Qd2 d4 31. cxd4 Qd5 32. Re1 Rc8 {[#]} 33. Rff1 $2 (33. Bg4 $1 $18) 33... Rc6 $1 $14 34. Be3 $2 {[%mdl 8192]} (34. Bg4 $1 $14 {keeps the upper hand.}) 34... Rxh5+ $19 {Black is clearly winning.} 35. Kg1 Rxf5 36. Rxf5 Qxf5 37. d5 c3 38. Qe2 {Precision: White = 57%, Black = 53%.} 0-1

[Event "Istanbul Open 2017"]
[Site "Istanbul"]
[Date "2017.09.11"]
[Round "7"]
[White "Bicer, Atakan Mert"]
[Black "Bai, Bashar"]
[Result "1-0"]
[WhiteElo "1842"]
[BlackElo "1918"]
[Annotator "NA RC"]
[PlyCount "101"]
[EventDate "2017.??.??"]
[EventType "swiss"]
[EventCountry "TUR"]
[SourceTitle "playchess.com"]
[Source "ChessBase"]
[SourceQuality "1"]
[TimeControl "5400+30"]

{[%evp 14,79,62,32767,32767,32767,32767,32767,64,73,71,64,64,8,82,77,93,86,112,117,124,157,112,160,163,201,262,279,250,193,229,123,235,265,421,441,411,468,445,474,458,539,538,579,706,745,794,1049,720,1190,848,1012,882,482,503,554,1063,824,896,1229,1160,1431,1272,925,737,1113,1165,1273]} 1. d4 {[%emt 0:00:30]} d5 {[%emt 0:01:00]} 2. Bf4 {[%emt 0:00:00]} Bf5 {[%emt 0:00:30]} 3. c4 {[%emt 0:00:00]} e6 {[%emt 0:01:30]} 4. Nc3 {[%emt 0:00:30]} c6 {[%emt 0:00:00]} 5. Qb3 {[%emt 0:00:30] D06: Queen's Gambit: Symmetrical and Baltic Defences} (5. e3 Bd6 6. Bxd6 Qxd6 7. Bd3 Bxd3 8. Qxd3 Nf6 9. cxd5 cxd5 10. Nf3 O-O 11. O-O Nc6 12. Rac1 Rac8 13. a3 a6 14. b4 b5 15. Rfd1 Rfd8 16. Ne2 Ne7 17. Rxc8 Rxc8 18. Rc1 Rxc1+ 19. Nxc1 Qc6 20. Ne2 Ne4 21. Nd2 Nxd2 22. Qxd2 {½-½ (22) Pogosyan,G (2375)-Viktorov,A (2414) Dubna 2016}) 5... Qb6 {[%emt 0:01:00]} 6. c5 {[%emt 0:00:00]} Qxb3 {[%emt 0:00:30]} 7. axb3 {[%emt 0:00:00]} Na6 {[%emt 0:02:30]} 8. e4 {[%emt 0:01:30]} Bxe4 {[%emt 0:05:30]} 9. Nxe4 {[%emt 0:00:30]} dxe4 {[%emt 0:00:00]} 10. Bxa6 {[%emt 0:00:30]} bxa6 {[%emt 0:01:00]} 11. Rxa6 {[%emt 0:00:00]} Nf6 {[%emt 0:00:30]} 12. Ne2 {[%emt 0:16:00]} ({Weaker is} 12. Rxc6 Nd5 $15) 12... Nd5 {[%emt 0:00:30]} 13. Kd2 $146 {[%emt 0:00:30]} ({Much worse is} 13. Rxc6 a6 $15) (13. O-O $16) ({Predecessor:} 13. Bg3 Nb4 14. Ra5 Nd3+ 15. Kd2 Be7 16. Rha1 Bf6 17. Ke3 e5 18. Kxe4 Nb4 {1-0 (18) Martin Martin,L (2024)-Lorenzo Bailador,A (1991) Madrid 2016}) 13... g5 {[%emt 0:02:30]} (13... Rd8 $11) 14. Be5 {[%emt 0:04:30]} ({But not} 14. Bxg5 $6 Rg8 $14) 14... f6 {[%emt 0:01:30] [#]} 15. Bg3 $1 {[%emt 0:00:30]} Nb4 {[%emt 0:07:30] [#]} 16. Ra4 $1 {[%emt 0:00:30]} a5 {[%emt 0:00:30]} 17. Rha1 {[%emt 0:00:30]} Rd8 {[%emt 0:01:30]} 18. Rxa5 {[%emt 0:15:30]} e5 {[%emt 0:03:30] [#]} 19. Ra8 $1 {[%emt 0:00:30]} Be7 {[%emt 0:01:30]} (19... Rxa8 {was necessary.} 20. Rxa8+ Kf7 21. dxe5 f5) 20. Rxd8+ {[%emt 0:00:30]} Bxd8 {[%emt 0:00:30]} 21. Ra8 {[%emt 0:01:30]} O-O {[%emt 0:03:30]} (21... h5 $16) 22. Ra4 {[%emt 0:08:30]} ({White should try} 22. dxe5 $18 Be7 23. Rxf8+ Bxf8 24. exf6) 22... Bc7 {[%emt 0:03:30] [#]} (22... h5 $16) 23. Nc3 $1 {[%emt 0:09:30]} ({Weaker is} 23. Rxb4 Ba5 $15) 23... Nd5 $2 {[%emt 0:08:30]} (23... exd4 24. Nxe4 (24. Bxc7 dxc3+ 25. bxc3 Nd3 $16) 24... Bxg3) 24. Nxd5 {[%emt 0:00:30]} cxd5 {[%emt 0:00:30]} 25. Ra7 {[%emt 0:00:30]} Rc8 {[%emt 0:02:30]} 26. b4 {[%emt 0:00:30]} h5 {[%emt 0:01:30]} 27. h3 {[%emt 0:00:30]} h4 {[%emt 0:05:30]} 28. Bh2 {[%emt 0:00:00]} Kf8 {[%emt 0:13:30]} 29. b5 {[%emt 0:00:00]} Ke8 {[%emt 0:07:30]} 30. b6 {[%emt 0:00:30]} Bd8 {[%emt 0:01:30]} 31. b4 {[%emt 0:00:30]} Rb8 {[%emt 0:03:30]} 32. dxe5 {[%emt 0:01:30]} f5 {[%emt 0:00:30]} 33. g3 {[%emt 0:06:30]} hxg3 {[%emt 0:01:30]} 34. Bxg3 {[%emt 0:00:30]} d4 {[%emt 0:03:22]} 35. Rh7 {[%emt 0:05:30]} f4 {[%emt 0:03:11]} 36. Bh2 {[%emt 0:00:30]} Be7 {[%emt 0:01:54]} 37. Rh8+ {[%emt 0:03:30]} Bf8 {[%emt 0:00:19]} 38. e6 {[%emt 0:00:30]} Ke7 {[%emt 0:01:12]} 39. h4 {[%emt 0:02:30]} Kxe6 $18 {[%emt 0:01:18]} 40. hxg5 {[%emt 0:00:30]} e3+ {[%emt 0:05:50]} 41. fxe3 {[%emt 0:00:30]} dxe3+ {[%emt 0:01:07]} 42. Ke2 {[%emt 0:00:30]} Kf5 {[%emt 0:00:36]} 43. Rh4 {[%emt 0:01:30]} f3+ {[%emt 0:03:54]} 44. Kxf3 {[%emt 0:00:00]} Re8 {[%emt 0:01:00]} 45. Rf4+ {[%emt 0:00:00]} Kxg5 {[%emt 0:00:16]} 46. Rxf8 {[%emt 0:01:30]} Rxf8+ {[%emt 0:00:26]} 47. Kxe3 {[%emt 0:00:00]} Rf7 {[%emt 0:01:01]} 48. c6 {[%emt 0:00:00]} Kg4 {[%emt 0:01:09]} 49. b7 {[%emt 0:00:30]} Rf3+ {[%emt 0:00:46]} 50. Ke2 {[%emt 0:00:30]} Rc3 {[%emt 0:00:33]} 51. b8=Q {[%emt 0:00:00]} 1-0

[Event "Istanbul Open 2017"]
[Site "Istanbul"]
[Date "2017.09.11"]
[Round "7"]
[White "Akin, Yagiz Cinar"]
[Black "Bashirli, Nail"]
[Result "0-1"]
[WhiteElo "1823"]
[BlackElo "2352"]
[Annotator "TA"]
[PlyCount "82"]
[EventDate "2017.??.??"]
[EventType "swiss"]
[EventCountry "TUR"]
[SourceTitle "playchess.com"]
[Source "ChessBase"]
[SourceQuality "1"]

{[%evp 24,82,22,5,89,89,121,61,66,-19,-19,-44,-47,-103,-91,-64,-89,-125,-122,-104,-98,-271,-170,-177,-170,-186,-199,-181,-193,-229,-225,-219,-154,-146,-156,-145,-158,-278,-277,-261,-266,-333,-208,-198,-185,-299,-266,-479,-475,-1052,-1061,-2516,-2281,-1962,-1779,-1204,-1081,-2439,-2335,-2177,-2063]} 1. e4 c5 2. Nf3 a6 3. Nc3 d6 4. d4 cxd4 5. Nxd4 Nf6 6. g3 e6 7. Bg2 Be7 8. O-O O-O 9. Be3 Qc7 10. Qe2 Nc6 11. Rad1 Bd7 12. f4 Rac8 13. Nb3 {LiveBook: 3 Games} Rfe8 {B80: Sicilian Scheveningen: 6 g3 and 6 Be3, including English Attack} (13... b5 $11) 14. g4 $16 {Hoping for g5.} g6 15. g5 (15. h3 $16) 15... Nh5 $14 {White is slightly better.} 16. f5 $146 (16. Qf2 $14) ({Find the theoretical novelty and annotate with similar games:} 16. Qf2 b5 17. a3 Ng7 18. Nd4 Nxd4 19. Bxd4 Bc6 20. Rd3 {½-½ (51) Mortensen,E (2440)-Stein,B (2385) Copenhagen 1987}) 16... Ne5 (16... b5 $5 {[%cal Rb5b4]}) 17. f6 Bf8 18. Bf3 ({Better is} 18. Rf2 $15) 18... Nxf3+ $17 19. Qxf3 b5 {[%cal Bb7b5,Bb5b4][%mdl 32]} 20. Rd2 b4 21. Ne2 d5 22. Nf4 $2 (22. exd5 $17 exd5 23. Nf4) 22... dxe4 23. Qf2 Nxf4 24. Bxf4 e5 25. Be3 Bg4 26. Qh4 Bf3 27. Rdf2 h5 28. gxh6 Kh7 29. Nd2 Qb7 30. Nxf3 (30. Qg3 $17) 30... exf3 $19 31. Rxf3 Rxc2 32. Qg4 Re6 33. h4 {[#]} e4 $1 {[%cal Re4f3]} ({Not} 33... Bxh6 34. Bxh6 e4 35. Rf5 $14) ({Weaker is} 33... Rxb2 34. h5 $11) 34. Rg3 (34. Rh3 {was called for.} Qc6 35. h5) 34... Qb5 ({Don't go for} 34... Bxh6 $2 35. h5 $18) 35. Qd1 $2 (35. Rg2 {was worth a try.} Rxg2+ 36. Kxg2) 35... Rxb2 {Black is clearly winning.} 36. Qd4 (36. Rg2 $142 Rxg2+ 37. Kxg2) 36... Qe2 {[%csl Gb2][%cal Re2h2]} 37. Rf2 Qe1+ 38. Kg2 Rb1 {[%csl Gb1][%cal Re1h1] [#]} 39. Kh3 Qh1+ 40. Rh2 Qf1+ 41. Rhg2 Bd6 {Precision: White = 27%, Black = 72%.} 0-1